[Event "40th Olympiad Open"]
[Site "Istanbul TUR"]
[Date "2012.09.01"]
[Round "5.41"]
[Board "1"]
[White "Kazhgaleyev, Murtas"]
[Black "Malisauskas, Vidmantas"]
[Result "1/2-1/2"]
[WhiteTitle "GM"]
[BlackTitle "GM"]
[WhiteElo "2594"]
[BlackElo "2451"]
[WhiteTeam "Kazakhstan"]
[BlackTeam "Lithuania"]
[WhiteFideId "13700316"]
[BlackFideId "12800031"]
[EventDate "2012.08.28"]

1. d4 Nf6 2. Nf3 g6 3. c4 Bg7 4. Nc3 d5 5. cxd5 Nxd5 6. e3 O-O 7. Bc4 Nxc3 8.
bxc3 c5 9. O-O Nc6 10. Qe2 Bd7 11. Rb1 Rc8 12. Ba3 cxd4 13. cxd4 a6 14. Bc5 b5
15. Bd3 Re8 16. Nd2 e5 17. Ne4 exd4 18. Nd6 Bf8 19. Nb7 Qg5 20. f4 Qf6 21. e4
Bxc5 22. Nxc5 Nb8 23. e5 Qe7 24. Ne4 Bf5 25. Ng3 Bxd3 26. Qxd3 Nd7 27. Qxd4 Rc4
28. Qd3 Nc5 29. Qf3 Qb7 30. Qxb7 Nxb7 31. Rbd1 1/2-1/2

[Event "40th Olympiad Open"]
[Site "Istanbul TUR"]
[Date "2012.09.01"]
[Round "5.42"]
[Board "2"]
[White "Van Wely, Loek"]
[Black "Villegas, Pierre"]
[Result "1-0"]
[WhiteTitle "GM"]
[WhiteElo "2691"]
[BlackElo "2249"]
[WhiteTeam "Netherlands"]
[BlackTeam "Monaco"]
[WhiteFideId "1000268"]
[BlackFideId "654183"]
[EventDate "2012.08.28"]

1. c4 e6 2. Nc3 d5 3. d4 Be7 4. Nf3 Nf6 5. Bg5 O-O 6. e3 h6 7. Bxf6 Bxf6 8. Qc2
Na6 9. O-O-O g6 10. a3 c6 11. Ne5 Nc7 12. f4 Bg7 13. Kb1 Qe7 14. c5 Bd7 15. h4
Rfb8 16. Rc1 Be8 17. Na2 Bxe5 18. fxe5 f6 19. exf6 Qxf6 20. Bd3 Qg7 21. Rcf1 b6
22. Rh3 bxc5 23. Qxc5 e5 24. dxe5 Bd7 25. Rf6 Bxh3 26. Rxg6 Qxg6 27. Bxg6 Be6
28. Qe7 Rb7 29. Nb4 Rab8 30. Qh7+ Kf8 31. Qxh6+ Kg8 32. Qh7+ Kf8 33. Qh8+ 1-0

[Event "40th Olympiad Open"]
[Site "Istanbul TUR"]
[Date "2012.09.01"]
[Round "5.42"]
[Board "4"]
[White "Stellwagen, Daniel"]
[Black "Van Hoolandt, Patrick"]
[Result "1-0"]
[WhiteTitle "GM"]
[BlackTitle "FM"]
[WhiteElo "2630"]
[BlackElo "2171"]
[WhiteTeam "Netherlands"]
[BlackTeam "Monaco"]
[WhiteFideId "1006673"]
[BlackFideId "200999"]
[EventDate "2012.08.28"]

1. d4 Nf6 2. c4 e6 3. Nf3 d5 4. Nc3 Bb4 5. Bg5 Nbd7 6. cxd5 exd5 7. e3 c5 8.
dxc5 Qa5 9. Rc1 Ne4 10. Qxd5 Nxc3 11. bxc3 Bxc3+ 12. Kd1 O-O 13. Bc4 Bf6 14. Ke2
Nxc5 15. Bxf6 Be6 16. Bc3 Qa4 17. Qxc5 Bxc4+ 18. Kd2 Rac8 19. Qa5 Rfd8+ 20. Nd4
Qc6 21. Qf5 Rd5 22. Qg4 h5 23. Qg3 Qa6 24. e4 Rd7 25. Qe3 Rcd8 26. Rhd1 b5 27.
Ke1 Qa4 28. Rd2 b4 29. Bb2 Bxa2 30. f3 a5 31. Rc5 Be6 32. Qg5 f6 33. Rxa5 1-0

[Event "40th Olympiad Open"]
[Site "Istanbul TUR"]
[Date "2012.09.01"]
[Round "5.43"]
[Board "1"]
[White "Oatlhotse, Providence"]
[Black "Eid, Fadi"]
[Result "1-0"]
[WhiteTitle "CM"]
[BlackTitle "IM"]
[WhiteElo "2267"]
[BlackElo "2377"]
[WhiteTeam "Botswana"]
[BlackTeam "Lebanon"]
[WhiteFideId "11300507"]
[BlackFideId "5300118"]
[EventDate "2012.08.28"]

1. d4 Nf6 2. c4 e6 3. Nf3 b6 4. g3 Bb7 5. Bg2 Be7 6. O-O O-O 7. Nc3 Ne4 8. Bd2
d6 9. Qc2 Nxc3 10. Bxc3 f5 11. Rfe1 Be4 12. Qa4 c5 13. Bh3 Bf6 14. Rad1 Qe7 15.
dxc5 bxc5 16. Qa3 Nd7 17. Rd2 Nb6 18. Bxf6 Qxf6 19. b3 Bxf3 20. exf3 Qc3 21. Qc1
Qxc1 22. Rxc1 Rad8 23. f4 Kf7 24. Rcd1 Ke7 25. Re1 Kf6 26. Rde2 Rfe8 27. Bg2 a5
28. Bc6 Re7 29. f3 Rc8 30. Bb5 Rcc7 31. g4 g6 32. Kf2 d5 33. Kg3 d4 34. h4 h5
35. Kf2 hxg4 36. fxg4 fxg4 37. Rg1 Nc8 38. Rxg4 Nd6 39. Ke1 Rh7 40. Reg2 Rcg7
41. Rg5 Nf5 42. Be8 Rxh4 43. Rxg6+ Rxg6 44. Rxg6+ Ke7 45. Bc6 Rxf4 46. Rg8 Kd6
47. Bb7 Kc7 48. Ba8 Ne3 49. Rg7+ Kb8 50. Bc6 Nc2+ 51. Ke2 d3+ 52. Kxd3 Nb4+ 53.
Ke3 Rd4 54. Be4 a4 55. Rb7+ Kc8 56. Rb5 Rd7 57. Rxc5+ Kd8 58. a3 Na2 59. bxa4
Nc3 60. Bc2 Nd1+ 61. Bxd1 Rxd1 62. Rb5 Kc7 63. a5 Ra1 64. Rb3 Rh1 65. Kd4 Rh4+
66. Kc5 Rh5+ 67. Kb4 Kb7 68. Re3 e5 69. Kb5 e4+ 70. c5 Re5 71. a6+ Kc7 72. Rh3
Re7 73. Rh8 1-0

[Event "40th Olympiad Open"]
[Site "Istanbul TUR"]
[Date "2012.09.01"]
[Round "5.43"]
[Board "2"]
[White "Khairallah, Faisal"]
[Black "Khetho, Phemelo"]
[Result "1-0"]
[WhiteTitle "FM"]
[BlackTitle "FM"]
[WhiteElo "2308"]
[BlackElo "2133"]
[WhiteTeam "Lebanon"]
[BlackTeam "Botswana"]
[WhiteFideId "4628250"]
[BlackFideId "11300280"]
[EventDate "2012.08.28"]

1. e4 c5 2. Nf3 Nc6 3. d4 cxd4 4. Nxd4 Nf6 5. Nc3 e5 6. Ndb5 d6 7. Bg5 a6 8. Na3
b5 9. Nd5 Be7 10. Bxf6 Bxf6 11. c3 Bg5 12. Nc2 O-O 13. a4 Rb8 14. axb5 axb5 15.
Ncb4 Nxb4 16. Nxb4 Bb7 17. Bd3 f5 18. Qe2 fxe4 19. Bxe4 d5 20. Rd1 d4 21. O-O
Qd6 22. Rfe1 Qf6 23. Nd3 dxc3 24. Bxb7 Rxb7 25. Nc5 Rc7 26. Ne4 Qf5 27. bxc3 Bh4
28. g3 Be7 29. Qxb5 Rxc3 30. Qd5+ Kh8 31. Nxc3 Qxf2+ 32. Kh1 Rc8 33. Rf1 1-0

[Event "40th Olympiad Open"]
[Site "Istanbul TUR"]
[Date "2012.09.01"]
[Round "5.43"]
[Board "3"]
[White "Njobvu, Ignatius"]
[Black "Kassis, Antoine LIB"]
[Result "1-0"]
[WhiteTitle "CM"]
[BlackTitle "CM"]
[WhiteElo "2226"]
[BlackElo "2209"]
[WhiteTeam "Botswana"]
[BlackTeam "Lebanon"]
[WhiteFideId "11300132"]
[BlackFideId "5300150"]
[EventDate "2012.08.28"]

1. d4 Nf6 2. c4 g6 3. Nc3 Bg7 4. e4 O-O 5. e5 Ne8 6. Nf3 d6 7. exd6 Nxd6 8. Be2
Nc6 9. O-O e5 10. dxe5 Nxe5 11. Nxe5 Bxe5 12. Nd5 c6 13. Bf4 Bxf4 14. Nxf4 Qf6
15. g3 Bf5 16. Qb3 b6 17. Rad1 Ne4 18. Bf3 Rad8 19. Bxe4 Bxe4 20. Rfe1 Bf5 21.
Rxd8 Rxd8 22. Qa3 g5 23. Nh5 Qg6 24. Qe7 Rf8 25. g4 Be6 26. Nf6+ Kg7 27. Rxe6
Qb1+ 28. Re1 Qxb2 29. Nh5+ Kg8 1-0

[Event "40th Olympiad Open"]
[Site "Istanbul TUR"]
[Date "2012.09.01"]
[Round "5.43"]
[Board "4"]
[White "Sakr, Nassim"]
[Black "Gaealafshwe, Barileng"]
[Result "0-1"]
[WhiteTitle "CM"]
[BlackTitle "CM"]
[WhiteElo "2171"]
[BlackElo "2151"]
[WhiteTeam "Lebanon"]
[BlackTeam "Botswana"]
[WhiteFideId "5300185"]
[BlackFideId "11300310"]
[EventDate "2012.08.28"]

1. Nf3 d5 2. c3 Nf6 3. d3 c5 4. Nbd2 Nc6 5. e4 e5 6. Be2 Be7 7. O-O O-O 8. Re1
Re8 9. h3 Bf8 10. a3 b6 11. Qc2 Bb7 12. Nf1 Rc8 13. Ng3 g6 14. Qa4 a6 15. Bg5 b5
16. Qc2 Bg7 17. Qc1 d4 18. Qd2 Qd6 19. Rad1 dxc3 20. bxc3 b4 21. axb4 cxb4 22.
cxb4 Nxb4 23. Rb1 a5 24. Rb2 Nd7 25. Ra1 Ra8 26. Bh6 Bf6 27. Ng5 Nc5 28. d4 exd4
29. Bc4 Ne6 30. Nxe6 fxe6 31. f4 Qc5 32. Rc1 d3+ 33. Kh2 Qd4 34. Rb3 Bxe4 35.
Nxe4 Qxe4 36. Bxd3 Nxd3 37. Rxd3 a4 38. Rd7 Rad8 39. Rxd8 Rxd8 40. Qa5 Qa8 41.
Qb6 Qd5 42. Rc5 Bd4 43. Qc7 Qd7 44. Qxd7 Rxd7 45. Rc8+ Kf7 46. Bf8 Be3 47. Kg3
Rd3 48. Kf3 a3 49. Ke4 Rb3 50. Bd6 Bb6 51. f5 gxf5+ 52. Ke5 Rb5+ 53. Kf4 a2 0-1

[Event "40th Olympiad Open"]
[Site "Istanbul TUR"]
[Date "2012.09.01"]
[Round "5.44"]
[Board "1"]
[White "Machin Rivera, Mark"]
[Black "Haddouche, Mohamed"]
[Result "0-1"]
[WhiteTitle "FM"]
[BlackTitle "IM"]
[WhiteElo "2323"]
[BlackElo "2429"]
[WhiteTeam "Puerto Rico"]
[BlackTeam "Algeria"]
[WhiteFideId "3101126"]
[BlackFideId "7900660"]
[EventDate "2012.08.28"]

1. c4 g6 2. g3 Bg7 3. Bg2 d6 4. Nc3 Nc6 5. d3 f5 6. a3 Nf6 7. e3 e5 8. Nge2 O-O
9. O-O g5 10. f4 h6 11. e4 gxf4 12. gxf4 fxe4 13. dxe4 exf4 14. Bxf4 Ne5 15.
Bxe5 dxe5 16. Qxd8 Rxd8 17. Nd5 Ne8 18. Rad1 Be6 19. Ng3 c6 20. Ne3 a5 21. Ngf5
Bf8 22. Bh3 Kh7 23. a4 Bc5 24. Kg2 Nf6 25. Kf3 Nh5 26. b3 Nf4 27. Bg2 b5 28.
axb5 cxb5 29. Nd5 bxc4 30. bxc4 a4 31. Rb1 Rab8 32. Nxf4 exf4 33. Kxf4 a3 34. e5
Bxf5 35. Kxf5 Rxb1 36. Rxb1 a2 37. Ra1 Rd2 38. Be4 Bd4 39. e6 Kg7 40. Rc1 a1=Q
41. Rxa1 Bxa1 42. c5 Rf2+ 43. Kg4 Be5 44. e7 Kf7 45. Bg6+ Kxe7 46. h4 Rf4+ 47.
Kh5 Rc4 48. Kxh6 Rxh4+ 49. Kg5 Bf6+ 50. Kf5 Rc4 51. c6 Rxc6 52. Kf4 Be5+ 53. Kf5
Rf6+ 54. Kg5 Bf4+ 55. Kh5 Kd6 0-1

[Event "40th Olympiad Open"]
[Site "Istanbul TUR"]
[Date "2012.09.01"]
[Round "5.44"]
[Board "2"]
[White "Oussedik, Mahfoud"]
[Black "Vazquez Reyes, Raul"]
[Result "1/2-1/2"]
[WhiteTitle "CM"]
[BlackTitle "FM"]
[WhiteElo "2242"]
[BlackElo "2251"]
[WhiteTeam "Algeria"]
[BlackTeam "Puerto Rico"]
[WhiteFideId "7901810"]
[BlackFideId "3100235"]
[EventDate "2012.08.28"]

1. c4 c5 2. Nf3 Nf6 3. d4 cxd4 4. Nxd4 g6 5. Nc3 Bg7 6. e4 d6 7. Be2 O-O 8. O-O
Nc6 9. Be3 Nxd4 10. Bxd4 Be6 11. Rc1 Qa5 12. f3 Rfc8 13. b3 a6 14. Qd2 b5 15.
cxb5 axb5 16. Qb2 b4 17. Na4 Ne8 18. Bxg7 Nxg7 19. Qd4 Rab8 20. Rfd1 Nh5 21. Bc4
Nf4 22. Kf2 Qh5 23. Rh1 Bxc4 24. Rxc4 Qg5 25. g3 Ne6 26. Qd3 Rxc4 27. Qxc4 Qd2+
28. Qe2 Qd4+ 29. Qe3 Rc8 30. Re1 Rc2+ 31. Re2 Rxe2+ 32. Kxe2 Qa1 33. Qd2 Qg1 34.
Kd3 Qd4+ 35. Kc2 Qa1 36. Nb2 Qxa2 37. Qxb4 Nc5 38. Qc4 Qa7 39. Qd4 Qa2 40. Qc3
Qa6 41. b4 Na4 42. Qc4 Qa7 43. Nxa4 Qxa4+ 44. Kb2 h5 45. f4 e6 46. e5 d5 47. Qc5
Kg7 48. b5 Qa5 49. Kb3 d4 50. Qb4 Qd8 51. b6 Qd5+ 52. Kb2 Qg2+ 53. Ka3 Qf3+ 54.
Qb3 Qb7 55. Kb2 Qg2+ 56. Ka3 Qb7 57. Qb4 d3 58. Qd4 d2 59. Qxd2 Qxb6 60. h4 Qb5
61. Qd8 Qc5+ 62. Ka4 Qc4+ 63. Ka3 Qc3+ 64. Ka2 Qxg3 65. Qf6+ Kg8 66. Qd8+ Kh7
67. Qf6 Qg2+ 68. Kb3 Qf3+ 69. Kb4 Qe4+ 70. Kc5 Qd5+ 71. Kb6 Qd7 72. Kc5 Qc7+ 73.
Kd4 Kg8 74. Ke3 Qc3+ 75. Ke4 Qc2+ 76. Ke3 Qc3+ 77. Ke4 Qe1+ 78. Kd4 Qd2+ 79. Kc5
Qd5+ 80. Kb6 Qd7 81. Kc5 Qc7+ 82. Kb5 Kh7 83. Kb4 Qb6+ 84. Kc4 Qc6+ 85. Kb4 Qe4+
86. Kc5 Qd5+ 87. Kb6 Kg8 88. Kc7 Qc5+ 89. Kd7 Qa7+ 90. Kd6 Qb8+ 91. Kd7 Qb6 92.
Kc8 Qc6+ 93. Kd8 Qd5+ 94. Kc7 Qc4+ 95. Kd7 Qd3+ 96. Ke8 Qb5+ 97. Ke7 Qb7+ 98.
Kd6 Qc8 99. Ke7 Qc7+ 100. Ke8 Qc8+ 101. Ke7 Qc7+ 102. Ke8 Qb8+ 103. Ke7 Qb7+
104. Kd8 Qa7 105. Kc8 Qd4 106. Kc7 Qd3 107. Kc6 Qd5+ 108. Kc7 Qc5+ 109. Kd7 Qa7+
110. Kc8 Qa6+ 111. Kd7 Qb7+ 112. Kd8 Qd5+ 113. Ke7 Qc5+ 114. Kd7 Qb6 115. Kc8
Qd4 116. Kc7 Qd3 117. Kc6 Qf5 118. Qg5 Kg7 119. Kd6 Qd3+ 120. Ke7 Qa3+ 121. Ke8
Qa4+ 122. Ke7 Qa7+ 123. Ke8 Qb8+ 124. Kd7 Qb7+ 125. Kd8 Kg8 126. Qf6 Qb8+ 1/2-1/2

[Event "40th Olympiad Open"]
[Site "Istanbul TUR"]
[Date "2012.09.01"]
[Round "5.44"]
[Board "4"]
[White "Medjkouh, Said"]
[Black "Berrios Echevarria, Gabriel"]
[Result "1-0"]
[BlackTitle "FM"]
[WhiteElo "2081"]
[BlackElo "2221"]
[WhiteTeam "Algeria"]
[BlackTeam "Puerto Rico"]
[WhiteFideId "7901496"]
[BlackFideId "3100928"]
[EventDate "2012.08.28"]

1. c4 Nf6 2. g3 d6 3. Bg2 g6 4. Nc3 Bg7 5. d3 O-O 6. e3 e5 7. Nge2 Nc6 8. O-O
Be6 9. Nd5 Rb8 10. h3 Ne7 11. e4 c6 12. Nxe7+ Qxe7 13. f4 exf4 14. gxf4 b5 15.
cxb5 cxb5 16. Be3 a6 17. Qd2 Rfe8 18. b4 Bd7 19. Rac1 Rbc8 20. Bd4 Rxc1 21. Rxc1
Rc8 22. Nc3 Be6 23. a3 Bh6 24. Be3 Bg7 25. d4 Bc4 26. e5 Ne8 27. Nd5 Qd8 28. Nc3
Nc7 29. Ne4 d5 30. Nd6 Rb8 31. f5 Ne8 32. Nxe8 Qxe8 33. f6 Bf8 34. Bf3 a5 35.
Bh6 Bxh6 36. Qxh6 Qf8 37. Qxf8+ Kxf8 38. bxa5 Ra8 39. Rc3 Rxa5 40. Bxd5 Ke8 41.
Bxc4 bxc4 42. Rxc4 Rxa3 43. Kg2 Kd7 44. Rb4 Kc7 45. Rb5 Rd3 46. d5 Ra3 47. d6+
Kc6 48. Rb8 Ra2+ 49. Kf1 Rd2 50. Rc8+ Kd7 51. Rc7+ Ke6 52. Re7+ Kd5 53. d7 Ke4
54. e6 1-0

[Event "40th Olympiad Open"]
[Site "Istanbul TUR"]
[Date "2012.09.01"]
[Round "5.45"]
[Board "2"]
[White "Faraj, Yahya"]
[Black "Samhouri, A."]
[Result "0-1"]
[WhiteTitle "FM"]
[BlackTitle "FM"]
[WhiteElo "2243"]
[BlackElo "2373"]
[WhiteTeam "Yemen"]
[BlackTeam "Jordan"]
[WhiteFideId "9400184"]
[BlackFideId "8100640"]
[EventDate "2012.08.28"]

1. d4 Nf6 2. c4 e6 3. Nf3 d5 4. e3 c6 5. Bd3 dxc4 6. Bxc4 b5 7. Bd3 Bb7 8. O-O
Nbd7 9. a4 a6 10. Qe2 Be7 11. Nc3 b4 12. Nb1 a5 13. Nbd2 c5 14. Rd1 O-O 15. Bb5
Qc7 16. Nc4 Rfd8 17. Bd2 Nb6 18. Nce5 Ne4 19. Rdc1 Rac8 20. Be1 Qd6 21. Ba6 Bxa6
22. Qxa6 f6 23. Nc4 Nxc4 24. Qxc4 Qd5 25. Qxd5 Rxd5 26. b3 Nd6 27. Kf1 Kf7 28.
g4 h5 29. h3 hxg4 30. hxg4 Ne4 31. Ke2 Rcd8 32. Rc2 g5 33. Rac1 R8d7 34. Kd3 f5
35. gxf5 exf5 36. Ke2 cxd4 37. Nxd4 Nc5 38. Rb1 Bf6 39. Nb5 g4 40. Rd2 Rxd2+ 41.
Bxd2 Rd3 42. Be1 Rxb3 43. Rc1 Rb2+ 44. Kf1 Nd3 45. Rc7+ Kg6 46. Rd7 Nxe1 47.
Kxe1 Ra2 48. Rd6 Rxa4 49. Nc7 b3 50. Nd5 b2 51. Rxf6+ Kg5 52. Rb6 Ra1+ 0-1

[Event "40th Olympiad Open"]
[Site "Istanbul TUR"]
[Date "2012.09.01"]
[Round "5.45"]
[Board "3"]
[White "Samhouri, Bilal"]
[Black "Al-Hadarani, Hatim"]
[Result "1-0"]
[WhiteTitle "FM"]
[BlackTitle "FM"]
[WhiteElo "2244"]
[BlackElo "2263"]
[WhiteTeam "Jordan"]
[BlackTeam "Yemen"]
[WhiteFideId "8100942"]
[BlackFideId "9400273"]
[EventDate "2012.08.28"]

1. Nf3 g6 2. d4 c6 3. c4 d5 4. Nc3 Nf6 5. g3 Bg7 6. Bg2 O-O 7. cxd5 Nxd5 8. O-O
Nxc3 9. bxc3 Be6 10. Qd3 h6 11. Rd1 Nd7 12. Ba3 Re8 13. c4 Nb6 14. Rac1 Qc8 15.
e4 Bh3 16. Bh1 Nd7 17. c5 e6 18. Nd2 Rd8 19. Nc4 Nf6 20. Bb4 Rd7 21. Ne5 Re7 22.
Qf3 h5 23. Qf4 Ng4 24. Nxg4 Bxg4 25. f3 e5 26. Qg5 Qf8 27. fxg4 Bh6 28. Qh4 Be3+
29. Kg2 Bxc1 30. Rxc1 exd4 31. gxh5 Rae8 32. hxg6 fxg6 33. Kg1 Rf7 34. Qg4 Qh6
35. Re1 d3 36. Qd1 Rd8 37. Bd2 Qg7 38. e5 Re8 39. Bc3 Rd7 40. Qd2 Qe7 41. Qe3
Qe6 42. Be4 Red8 43. Qd2 b6 44. cxb6 axb6 45. Qg5 Kg7 46. Bxg6 Qxg6 47. e6+ Kh7
48. Qxg6+ Kxg6 49. exd7 Rxd7 50. Re6+ Kf5 51. Rxc6 d2 52. Bxd2 Rxd2 53. Rxb6
Rxa2 54. Rb4 Ra1+ 55. Kg2 Ra2+ 56. Kh3 Kg5 57. Rb5+ Kg6 58. g4 Rc2 59. Kg3 Rc3+
60. Kh4 Rc6 61. Rf5 Ra6 62. Kg3 Ra1 63. Rf2 Rg1+ 64. Kf4 Rh1 65. Kg3 Rg1+ 66.
Rg2 Ra1 67. h4 Ra3+ 68. Kh2 Ra4 69. Kh3 Ra3+ 70. Rg3 Ra1 71. Rb3 Rh1+ 72. Kg3
Rg1+ 73. Kf4 Rf1+ 74. Rf3 Ra1 75. Rb3 Rf1+ 76. Ke4 Re1+ 77. Kf3 Rf1+ 78. Kg2 Rf6
79. Rb5 Ra6 80. h5+ Kh6 81. Kg3 Ra1 82. Rb6+ Kg7 83. Kh4 Ra5 84. h6+ Kh7 85. g5
Ra1 86. Rb7+ Kg6 87. Rg7+ Kf5 88. h7 Rh1+ 89. Kg3 Rh5 90. g6 Rh1 91. Rg8 1-0

[Event "40th Olympiad Open"]
[Site "Istanbul TUR"]
[Date "2012.09.01"]
[Round "5.45"]
[Board "4"]
[White "Salman, Saleh"]
[Black "Mansour, Sameer"]
[Result "0-1"]
[BlackTitle "FM"]
[WhiteElo "2004"]
[BlackElo "2244"]
[WhiteTeam "Yemen"]
[BlackTeam "Jordan"]
[WhiteFideId "9400621"]
[BlackFideId "8100144"]
[EventDate "2012.08.28"]

1. e4 c5 2. Nf3 d6 3. Bc4 Nf6 4. Nc3 e6 5. d4 cxd4 6. Nxd4 Be7 7. Be3 a6 8. a3
b5 9. Be2 Bb7 10. Bf3 Nbd7 11. Nde2 Ne5 12. Ng3 Rc8 13. Bd4 Qc7 14. Be2 O-O 15.
Bd3 d5 16. O-O Nxd3 17. Qxd3 e5 18. Ba7 d4 19. Nce2 Bc6 20. Bxd4 exd4 21. Nxd4
Rfd8 22. c3 Qf4 23. Rfe1 Ng4 24. Qc2 Bc5 25. Rad1 Bb7 26. Qb3 Qxf2+ 27. Kh1 Bxd4
28. Re2 Bc5 29. Rf1 Qxf1+ 30. Nxf1 Nf2+ 31. Kg1 Nxe4+ 32. Kh1 Nf2+ 33. Kg1 Nd3+
34. Kh1 Nc1 35. Qc2 Nxe2 36. Qxe2 Re8 37. Qd1 Rcd8 38. Qc2 Re1 39. Qf5 Rdd1 0-1

[Event "40th Olympiad Open"]
[Site "Istanbul TUR"]
[Date "2012.09.01"]
[Round "5.46"]
[Board "4"]
[White "Murshed, Niaz"]
[Black "Salih, Akar Ali Salih"]
[Result "1/2-1/2"]
[WhiteTitle "GM"]
[BlackTitle "FM"]
[WhiteElo "2462"]
[BlackElo "2282"]
[WhiteTeam "Bangladesh"]
[BlackTeam "Iraq"]
[WhiteFideId "10200010"]
[BlackFideId "4800575"]
[EventDate "2012.08.28"]

1. d4 Nf6 2. c4 g6 3. Nc3 Bg7 4. e4 d6 5. Be2 O-O 6. Bg5 c5 7. d5 Qa5 8. Qd2 a6
9. a4 b5 10. cxb5 axb5 11. Bxb5 Ba6 12. Bxa6 Nxa6 13. Nf3 Rfb8 14. O-O Qb4 15.
Bxf6 Bxf6 16. Ra2 Qb3 17. Rc1 Rb4 18. Qe2 Bxc3 19. bxc3 Rxa4 20. Rxa4 Qxa4 21.
h4 Qd7 22. Ra1 Nc7 23. Rxa8+ Nxa8 24. Qa6 Qd8 25. c4 f6 26. Ne1 Nb6 27. Nd3 Nd7
28. Qb7 Ne5 29. Nxe5 fxe5 30. g3 Kf7 31. Qa7 1/2-1/2

[Event "40th Olympiad Open"]
[Site "Istanbul TUR"]
[Date "2012.09.01"]
[Round "5.47"]
[Board "1"]
[White "Grandelius, Nils"]
[Black "De La Riva Aguado, Oscar"]
[Result "1/2-1/2"]
[WhiteTitle "GM"]
[BlackTitle "GM"]
[WhiteElo "2562"]
[BlackElo "2540"]
[WhiteTeam "Sweden"]
[BlackTeam "Andorra"]
[WhiteFideId "1710400"]
[BlackFideId "6900224"]
[EventDate "2012.08.28"]

1. d4 f5 2. c4 Nf6 3. Nc3 g6 4. g3 Bg7 5. Bg2 O-O 6. Nf3 d6 7. O-O c6 8. b4 Na6
9. Rb1 Nc7 10. d5 cxd5 11. cxd5 Bd7 12. Bb2 Rc8 13. Nd4 Qe8 14. Qb3 f4 15. Ne4
Nxe4 16. Bxe4 Qf7 17. Bg2 Be5 18. Rbd1 Qf6 19. Rd2 Nb5 20. Ne6 Bxe6 21. dxe6 Nd4
22. Bxd4 Bxd4 23. gxf4 Rc3 24. Qd5 Bb6 25. e3 Rfc8 26. a4 a5 27. Qxb7 Bd8 28.
bxa5 Bxa5 29. Rd5 R3c7 30. Qb5 Rc5 31. Rxc5 Rxc5 32. Qb3 Kg7 33. Rd1 Rc3 34. Qa2
Rc5 35. Kh1 Qf5 36. Qb2+ Bc3 37. Qb3 Bf6 38. Bd5 Rc3 39. Qb1 Qh5 40. Rd3 Qf5 41.
Rd1 Qh5 42. Rd3 Qf5 43. Rd1 1/2-1/2

[Event "40th Olympiad Open"]
[Site "Istanbul TUR"]
[Date "2012.09.01"]
[Round "5.47"]
[Board "2"]
[White "Simonet, Marc"]
[Black "Tikkanen, Hans"]
[Result "0-1"]
[WhiteTitle "FM"]
[BlackTitle "GM"]
[WhiteElo "2291"]
[BlackElo "2570"]
[WhiteTeam "Andorra"]
[BlackTeam "Sweden"]
[WhiteFideId "6900127"]
[BlackFideId "1706446"]
[EventDate "2012.08.28"]

1. d4 d5 2. c4 e6 3. Nf3 c6 4. e3 f5 5. Bd3 Nf6 6. O-O Bd6 7. b3 Qe7 8. Bb2 O-O
9. Qc1 b6 10. Ba3 Bb7 11. cxd5 exd5 12. Bxd6 Qxd6 13. Bxf5 Ba6 14. Re1 Ne4 15.
Bxe4 dxe4 16. Ne5 c5 17. Qb2 Nc6 18. Nxc6 Qxc6 19. Nc3 Rae8 20. dxc5 Qxc5 21.
Red1 Qh5 22. Nd5 Rd8 23. Nc3 Bd3 24. Rd2 Qh4 25. a4 Rd6 26. h3 Rg6 27. Kh2 Rf3
28. Rh1 Rxh3+ 0-1

[Event "40th Olympiad Open"]
[Site "Istanbul TUR"]
[Date "2012.09.01"]
[Round "5.47"]
[Board "3"]
[White "Berg, Emanuel"]
[Black "Garcia, Raul"]
[Result "1-0"]
[WhiteTitle "GM"]
[BlackTitle "FM"]
[WhiteElo "2576"]
[BlackElo "2193"]
[WhiteTeam "Sweden"]
[BlackTeam "Andorra"]
[WhiteFideId "1704060"]
[BlackFideId "6900020"]
[EventDate "2012.08.28"]

1. e4 c5 2. Nf3 b6 3. d4 cxd4 4. Nxd4 Bb7 5. Nc3 a6 6. g3 e6 7. Bg2 Qc7 8. O-O
d6 9. Qd2 Be7 10. b3 Nf6 11. Bb2 O-O 12. f4 Nbd7 13. Rad1 Rfd8 14. Qe2 Rab8 15.
g4 Bf8 16. g5 Ne8 17. Qg4 b5 18. a3 Nc5 19. b4 e5 20. Nde2 Na4 21. Nxa4 bxa4 22.
Rd2 a5 23. c3 g6 24. f5 Ng7 25. Ng3 Qc4 26. Qf3 gxf5 27. Nxf5 Nxf5 28. Qxf5 Bc8
29. Qf3 Be6 30. Qh5 Bg7 31. Rfd1 Qc7 32. Bh3 Qb6+ 33. Rf2 Bxh3 34. Qxh3 Qb7 35.
Rd5 axb4 36. cxb4 Rbc8 37. Kg2 Qe7 38. Qf5 Rc6 39. h4 Rdc8 40. Rfd2 Bf8 41. Kf3
Qb7 42. Bxe5 Rc1 43. Kg4 R8c4 44. Kh5 Re1 45. Qf6 dxe5 46. Rd7 1-0

[Event "40th Olympiad Open"]
[Site "Istanbul TUR"]
[Date "2012.09.01"]
[Round "5.47"]
[Board "4"]
[White "Fernandez Lopez, Joan"]
[Black "Carlsson, Pontus"]
[Result "0-1"]
[BlackTitle "GM"]
[WhiteElo "2090"]
[BlackElo "2511"]
[WhiteTeam "Andorra"]
[BlackTeam "Sweden"]
[WhiteFideId "6900348"]
[BlackFideId "1705814"]
[EventDate "2012.08.28"]

1. e4 c5 2. Nf3 d6 3. d4 cxd4 4. Nxd4 Nf6 5. Nc3 a6 6. Be3 e5 7. Nf3 Be7 8. Bc4
O-O 9. O-O Be6 10. Bb3 Nc6 11. Qd2 Na5 12. Bg5 Nxb3 13. axb3 Nh5 14. Bxe7 Qxe7
15. Rad1 Rad8 16. Qg5 Nf6 17. Nh4 Nd5 18. Qxe7 Nxe7 19. Rd2 d5 20. exd5 Nxd5 21.
Nxd5 Rxd5 22. Rxd5 Bxd5 23. Rd1 Be6 24. Nf3 f6 25. Rd6 Kf7 26. Kf1 Ke7 27. Rd2
a5 28. Ne1 Rc8 29. Ke2 g5 30. g3 Rc5 31. Nd3 Rc6 32. b4 Bc4 33. bxa5 e4 0-1

[Event "40th Olympiad Open"]
[Site "Istanbul TUR"]
[Date "2012.09.01"]
[Round "5.48"]
[Board "1"]
[White "Ferster, Fabian"]
[Black "Gemy, Jose Daniel"]
[Result "0-1"]
[BlackTitle "FM"]
[WhiteElo "2144"]
[BlackElo "2345"]
[WhiteTeam "Liechtenstein"]
[BlackTeam "Bolivia"]
[WhiteFideId "4695330"]
[BlackFideId "3301478"]
[EventDate "2012.08.28"]

1. e4 e6 2. d4 d5 3. Nc3 dxe4 4. Nxe4 Bd7 5. Nf3 Bc6 6. Bd3 Nd7 7. O-O Be7 8.
Qe2 Ngf6 9. c3 O-O 10. Bf4 Nxe4 11. Bxe4 Bxe4 12. Qxe4 c6 13. Rfe1 Qa5 14. Ne5
Rad8 15. a4 Qd5 16. Qc2 Nxe5 17. Rxe5 Qc4 18. Ra5 Rxd4 19. Be3 Rd7 20. b3 Qg4
21. h3 Qh4 22. Bxa7 Bd8 23. Re5 b6 24. Re4 Qh5 25. Bb8 Bf6 26. Bg3 Rfd8 27. Rc4
c5 28. Qe4 Rd1+ 29. Rxd1 Qxd1+ 30. Kh2 Qxb3 31. Bc7 Rd5 32. a5 bxa5 33. Rxc5 Bd8
34. Bxd8 Rxc5 35. Qa8 Qd5 36. Qb8 Qe5+ 0-1

[Event "40th Olympiad Open"]
[Site "Istanbul TUR"]
[Date "2012.09.01"]
[Round "5.48"]
[Board "2"]
[White "Cueto, Jonny"]
[Black "Kobler, Mario"]
[Result "1-0"]
[WhiteTitle "IM"]
[WhiteElo "2282"]
[BlackElo "2099"]
[WhiteTeam "Bolivia"]
[BlackTeam "Liechtenstein"]
[WhiteFideId "3300145"]
[BlackFideId "12000094"]
[EventDate "2012.08.28"]

1. d4 Nf6 2. Bf4 g6 3. e3 Bg7 4. Be2 O-O 5. Nf3 d5 6. O-O b6 7. Nbd2 c5 8. c3
Nbd7 9. Ne5 Bb7 10. b4 cxb4 11. cxb4 Ne4 12. Nxe4 dxe4 13. Nc4 Ba6 14. Rc1 e5
15. dxe5 Qe7 16. Qa4 Bb7 17. Rfd1 Rfd8 18. Bf1 Nxe5 19. Rxd8+ Rxd8 20. Bxe5 Bxe5
21. Nxe5 Qxe5 22. Qxa7 Bd5 23. Qxb6 Rb8 24. Qa5 Qb2 25. Rd1 Bxa2 26. Rd8+ Rxd8
27. Qxd8+ Kg7 28. b5 Kh6 29. Qh4+ Kg7 30. Qxe4 Bb1 31. Qd4+ Qxd4 32. exd4 Be4
33. b6 Bb7 34. g3 1-0